000 00591nam a2200169 a 4500
001 000023718
005 20200930022420.0
008 101221s1992 ve r 000 0 spa d
040 _aDO-SdBNP
_bspa
_cBNPHU
082 _ann*
_bnn*
100 1 _aMorales Pérez, Salvador.
_948841
245 1 0 _aJosé Martí :
_bpolítico y poeta /
_cSalvador Morales Pérez y Osmar Sánchez Aguilera.
260 _aValencia, Venezuela :
_bUniversidad de Carabobo. Cátedra Libre Universitaria José Martí,
_c1992.
300 _a189 p. ;
_c21 cm.
700 1 _aSánchez Aguilera, Osmar.
_948842
049 _aBNGR
999 _c23214
_d23214